000 00435nam a2200157Ia 4500
008 210716s2010 xx 000 0 und d
020 _a9780230328785
041 _aeng
082 _a332.64 KHAD
100 _aKhatri, Dhanesh.
245 _aSecurity analysis and portfolio management.
250 _a1
260 _aNew Delhi
_bMacmillan India Ltd
_c2010
300 _axxx,573
650 _aInvestment Analysis & Portfolio Management
999 _c208042
_d208042